000 00831cab a2200265 4500
001 ABS54578
008 090401t1996 xxu||||| |||| 00| 0 eng d
035 _a(Sirsi) u11178
041 _aeng
100 _aMagnus, A.
245 _aLooking for the perfect partner
260 _c1996
350 _a0
490 _aEstates Times
_v(1314) 1 March 1996, 8(1)
520 _aExamines the difficulty of legally recognising the existence of a `partnership` between public and private sectors, as under PFI arrangements, and looks at how they might work.
650 _aJOINT VENTURES
650 _aJONES V SOS WALES AND ANOTHER
650 _aLOCAL AUTHORITIES COMPANIES ORDER 1995
650 _aPARTNERSHIPS
650 _aPFI
650 _aPRIVATE FINANCE INITIATIVE
690 _aLAW
942 _n0
948 _c04/03/1997
999 _c7115
_d7115